Heat and mass transfer data book (Record no. 11919)
[ view plain ]
| 000 -LEADER | |
|---|---|
| fixed length control field | 00473nam a22001817a 4500 |
| 008 - FIXED-LENGTH DATA ELEMENTS--GENERAL INFORMATION | |
| fixed length control field | 210707b 2001 ||||| |||| 00| 0 eng d |
| 020 ## - INTERNATIONAL STANDARD BOOK NUMBER | |
| International Standard Book Number | 8122401732 |
| 082 ## - DEWEY DECIMAL CLASSIFICATION NUMBER | |
| Classification number | 536.2 |
| Item number | KOT |
| 100 ## - MAIN ENTRY--PERSONAL NAME | |
| Personal name | Kothandaraman, C. P. |
| 245 ## - TITLE STATEMENT | |
| Title | Heat and mass transfer data book |
| 250 ## - EDITION STATEMENT | |
| Edition statement | 4th |
| 260 ## - PUBLICATION, DISTRIBUTION, ETC. (IMPRINT) | |
| Place of publication, distribution, etc | New Delhi |
| Name of publisher, distributor, etc | New Age International (P) Limited, Publishers |
| Date of publication, distribution, etc | 1993 |
| 300 ## - PHYSICAL DESCRIPTION | |
| Extent | 190p. |
| 650 ## - SUBJECT ADDED ENTRY--TOPICAL TERM | |
| Topical term or geographic name as entry element | Metals |
| 650 ## - SUBJECT ADDED ENTRY--TOPICAL TERM | |
| Topical term or geographic name as entry element | Radiation |
| 650 ## - SUBJECT ADDED ENTRY--TOPICAL TERM | |
| Topical term or geographic name as entry element | Heat Exchanger |
| 942 ## - ADDED ENTRY ELEMENTS (KOHA) | |
| Item type | Books |
| Withdrawn status | Lost status | Source of classification or shelving scheme | Damaged status | Not for loan | Collection code | Permanent location | Current location | Shelving location | Date acquired | Total Checkouts | Total Renewals | Full call number | Barcode | Date last seen | Date last borrowed | Koha item type | Public note | Checked out |
|---|---|---|---|---|---|---|---|---|---|---|---|---|---|---|---|---|---|---|
| Non-fiction | IMU-MPC Library | IMU-MPC Library | General Stacks | 2021-07-07 | 3 | 2 | 536.2 KOT | LBS11491 | 2025-12-26 | 2025-11-26 | Books | Column - 29 | ||||||
| Non-fiction | IMU-MPC Library | IMU-MPC Library | General Stacks | 2021-07-07 | 3 | 3 | 536.2 KOT | LBS11490 | 2025-12-24 | 2025-11-26 | Books | Column - 29 | ||||||
| Non-fiction | IMU-MPC Library | IMU-MPC Library | General Stacks | 2021-07-07 | 3 | 3 | 536.2 KOT | LBS11489 | 2026-02-03 | 2025-11-26 | Books | Column - 29 | ||||||
| Non-fiction | IMU-MPC Library | IMU-MPC Library | General Stacks | 2021-07-07 | 2 | 3 | 536.2 KOT | LBS11488 | 2026-02-03 | 2025-11-26 | Books | Column - 29 | ||||||
| Non-fiction | IMU-MPC Library | IMU-MPC Library | General Stacks | 2021-07-07 | 2 | 2 | 536.2 KOT | LBS11492 | 2025-12-26 | 2025-11-25 | Books | Column - 29 | ||||||
| Non-fiction | IMU-MPC Library | IMU-MPC Library | General Stacks | 2021-07-07 | 3 | 2 | 536.2 KOT | LBS9471 | 2025-12-26 | 2025-11-27 | Books | Column - 29 | ||||||
| Non-fiction | IMU-MPC Library | IMU-MPC Library | General Stacks | 2021-07-07 | 2 | 3 | 536.2 KOT | LBS10178 | 2025-10-16 | 2025-10-16 | Books | Column - 29 | 2025-12-18 | |||||
| Non-fiction | IMU-MPC Library | IMU-MPC Library | General Stacks | 2021-07-07 | 1 | 1 | 536.2 KOT | LBS10177 | 2025-03-17 | 2024-11-19 | Books | Column - 29 | ||||||
| Non-fiction | IMU-MPC Library | IMU-MPC Library | General Stacks | 2021-07-07 | 2 | 4 | 536.2 KOT | LBS10176 | 2026-04-01 | 2025-10-16 | Books | Column - 29 |


